Wszyscy skoczkowie z podium w pś - Statystyki

Ogólne statystyki
  • Ten quiz został rozwiązany 75 razy
    34 od ostatniego zresetowania
  • Średni wynik to 88 z 281
Statystyki odpowiedzi
Skoczek Kraj Podia % Poprawnych
Kamil Stoch Polska 80
96%
Stefan Kraft Austria 95
96%
Adam Małysz Polska 92
92%
Piotr Żyła Polska 22
92%
Simon Ammann Szwajcaria 80
92%
Dawid Kubacki Polska 38
88%
Janne Ahonen Finlandia 108
88%
Thomas Morgenstern Austria 76
88%
Timi Zajc Słowenia 10
88%
Anze Lanisek Słowenia 27
83%
Cene Prevc Słowenia 1
83%
Domen Prevc Słowenia 11
83%
Peter Prevc Słowenia 57
83%
Junshiro Kobayashi Japonia 1
79%
Noriaki Kasai Japonia 63
79%
Roman Koudelka Czechy 11
79%
Ryoyu Kobayashi Japonia 50
79%
Veli-Matti Ahonen Finlandia 2
79%
Daniel Andre Tande Norwegia 27
75%
Gregor Schlierenzauer Austria 88
75%
Halvor Egner Granerud Norwegia 41
75%
Johann Andre Forfang Norwegia 15
75%
Karl Geiger Niemcy 35
75%
Martin Schmitt Niemcy 52
75%
Matti Nykanen Finlandia 76
75%
Jan Ziobro Polska 2
71%
Manuel Fettner Austria 5
71%
Anders Bardal Norwegia 34
67%
Andreas Wellinger Niemcy 28
67%
Jakub Janda Czechy 20
67%
Krzysztof Biegun Polska 1
67%
Marius Lindvik Norwegia 21
67%
Markus Eisenbichler Niemcy 28
67%
Matti Hautamaki Finlandia 38
67%
Piotr Fijas Polska 10
67%
Severin Freund Niemcy 53
67%
Andrzej Stękała Polska 1
63%
Daiki Ito Japonia 17
63%
Jan Horl Austria 3
63%
Michael Haybock Austria 22
63%
Roberto Cecon Włochy 17
63%
Stanisław Bobak Polska 4
63%
Tadeusz Fijas Polska 1
63%
Jussi Hautamaki Finlandia 1
58%
Kazuyoshi Funaki Japonia 38
58%
Naoto Ito Japonia 1
58%
Anders Jacobsen Norwegia 28
54%
Andreas Goldberger Austria 63
54%
Jewgienij Klimow Rosja 3
54%
Jurij Tepes Słowenia 7
54%
Killian Peier Szwajcaria 1
54%
Maciej Kot Polska 3
54%
Masahiko Harada Japonia 21
54%
Miran Tepes Jugosławia 8
54%
Richard Freitag Niemcy 23
54%
Sven Hannawald Niemcy 40
54%
Yukiya Sato Japonia 4
54%
Akira Sato Japonia 1
50%
Andreas Kuttel Szwajcaria 15
50%
Andreas Widholzl Austria 49
50%
Daniel Huber Austria 4
50%
Daniel Tschofenig Austria 3
50%
Holger Freitag NRD 1
50%
Andreas Kofler Austria 36
46%
Armin Kogler Austria 37
46%
Dieter Thoma Niemcy 36
46%
Harri Olli Finlandia 7
46%
Jens Weisslog NRD i Niemcy 73
46%
Primoz Peterka Słowenia 32
46%
Robert Johansson Norwegia 16
46%
Stephan Leyhe Niemcy 5
46%
Ziga Jelar Słowenia 4
46%
Andreas Felder Austria 51
42%
Anze Semenic Słowenia 1
42%
Constantin Schmid Niemcy 1
42%
Dmitrij Wasiljew Rosja 9
42%
Hubert Neuper Austria 23
42%
Jan Boklov Szwecja 11
42%
Lovro Kos Słowenia 1
42%
Martin Koch Austria 23
42%
Naoki Nakamura Japonia 1
42%
Thomas Diethart Austria 3
42%
Ari-Pekka Nikkola Finlandia 42
38%
Espen Bredesen Norwegia 21
38%
Fritz Koch Austria 1
38%
Jaka Hvala Słowenia 1
38%
Jan Matura Czechy 4
38%
Kenneth Gangnes Norwegia 9
38%
Pavel Ploc Czechosłowacja 27
38%
Risto Jussilainen Finlandia 16
38%
Robert Kranjec Słowenia 27
38%
Rune Velta Norwegia 6
38%
Taku Takeuchi Japonia 4
38%
Tami Kiuru Finlandia 3
38%
Toni Nieminen Finlandia 12
38%
Veli-Matti Lindstrom Finlandia 5
38%
Ville Larinto Finlandia 5
38%
Wolfgang Loitzl Austria 20
38%
Anders Fannemel Norwegia 12
33%
Andreas Stjernen Norwegia 8
33%
Anssi Koivuranta Finlandia 1
33%
Anssi Nieminen Finlandia 2
33%
Bjoern Einar Romoren Norwegia 22
33%
Hideharu Miyahira Japonia 10
33%
Hroar Stjernen Norwegia 5
33%
Janne Happonen Finlandia 7
33%
Jernej Damjan Słowenia 8
33%
Johan Remen Evensen Norwegia 6
33%
Lukas Hlava Czechy 1
33%
Michael Neumayer Niemcy 3
33%
Michael Uhrmann Niemcy 14
33%
Primoz Ulaga Jugosławia 23
33%
Stefan Horngacher Austria 15
33%
Tom Hilde Norwegia 15
33%
Vegard Opaas Norwegia 17
33%
Akira Higashi Japonia 3
29%
Andreas Wank Niemcy 2
29%
Arttu Lappi Finlandia 1
29%
Bor Pavlovcic Słowenia 3
29%
Ernst Vettori Austria 54
29%
Florian Liegl Austria 8
29%
Fumihisa Yumoto Japonia 1
29%
Georg Spath Niemcy 4
29%
Jani Soininen Finlandia 18
29%
Janusz Malik Polska 1
29%
Jaroslav Sakala Czechy 11
29%
Lars Bystol Norwegia 4
29%
Marinus Kraus Niemcy 1
29%
Nicolas Dessum Francja 2
29%
Rok Urbanc Słowenia 1
29%
Stephan Hocke Niemcy 2
29%
Steve Collins Kanada 3
29%
Takanobu Okabe Japonia 23
29%
Emanuel Chedal Francja 1
25%
Heinz Kuttin Austria 13
25%
Hiroya Saito Japonia 16
25%
Horst Bulau Kanada 29
25%
Joachim Hauer Norwegia 1
25%
Manfred Steiner Austria 2
25%
Martin Holwarth Austria 29
25%
Matjaz Zupan Jugosławia 1
25%
Reinhard Schwarzenberger Austria 7
25%
Roar Ljokelsoey Norwegia 32
25%
Sigurd Pettersen Norwegia 11
25%
Stefan Zund Szwajcaria 12
25%
Tommy Ingebrigtsen Norwegia 5
25%
Virginio Lunardi Włochy 4
25%
Andrea Morassi Włochy 1
21%
Anton Innauer Austria 3
21%
Franci Petek Jugosławia i Słowenia 5
21%
Igor Medved Słowenia 1
21%
Ivan Lunardi Włochy 1
21%
Jari Puikkonen Finlandia 19
21%
Jiri Parma Czechosłowacja i Czechy 17
21%
Kazuya Yoshioka Japonia 1
21%
Klaus Ostwald NRD 9
21%
Masahiro Akimoto Japonia 8
21%
Maximilian Mechler Niemcy 1
21%
Olaf Schmidt NRD 1
21%
Ole Gunnar Fidjestol Norwegia 11
21%
Pascal Bodmer Niemcy 1
21%
Pentti Kokkonen Finlandia 7
21%
Peter Zonta Słowenia 2
21%
Philipp Aschenwald Austria 2
21%
Roger Ruud Norwegia 16
21%
Rolf Age Berg Norwegia 3
21%
Sylvain Freiholz Szwajcaria 1
21%
Alexander Herr Niemcy 2
17%
Andreas Bauer Niemcy 6
17%
Bogdan Norcic Jugosławia 2
17%
Christian Nagiller Austria 2
17%
Christof Duffner Niemcy 5
17%
Didier Mollard Francja 6
17%
Frantisek Jez Czechosłowacja 7
17%
Hansjorg Sumi Szwajcaria 5
17%
Hirokazu Yagi Japonia 3
17%
Jeff Hastings USA 6
17%
Jochen Danneberg NRD 1
17%
John Broman USA 2
17%
Jouko Tormanen Finlandia 3
17%
Lasse Ottesen Norwegia 9
17%
Manfred Deckert NRD 3
17%
Mikael Martinsson Szwecja 6
17%
Mika Laitinen Finlandia 11
17%
Mike Holland USA 4
17%
Oyvind Berg Norwegia 1
17%
Pawieł Karielin Rosja 1
17%
Per Bergerud Norwegia 15
17%
Staffan Tallberg Szwecja 7
17%
Trond Joran Pedersen Norwegia 1
17%
Tuomo Ylipulli Finlandia 4
17%
Ulf Findeisen NRD 3
17%
Urban Franc Słowenia 1
17%
Ville Kante Finlandia 6
17%
Alfred Groyer Austria 5
13%
Alois LIpburger Austria 3
13%
Andre Kiesewetter Niemcy 4
13%
Bruno Reuteler Szwajcaria 2
13%
Erik Johnsen Norwegia 6
13%
Frederic Berger Francja 1
13%
Hans Millonig Austria 3
13%
Hans Wallner Austria 4
13%
Heikki Ylipulli Finlandia 1
13%
Ivar Mobekk Norwegia 4
13%
Jakub Suchacek Czechy 2
13%
Jim Holland USA 1
13%
Jinya Nishikata Japonia 4
13%
Johan Saetre Norwegia 9
13%
Kent Johanssen Norwegia 2
13%
KImmo Savolainen Finlandia 2
13%
Kristian Brenden Norwegia 8
13%
Markku Pusenius Finlandia 2
13%
Martin Svagerko Czechosłowacja 2
13%
Massimo Rigoni Włochy 5
13%
Mathias Hafele Austria 1
13%
Olav Hansson Norwegia 11
13%
Ole Bremseth Norwegia 12
13%
Pasi Kytosaho Finlandia 1
13%
Pekka Suorsa Finlandia 5
13%
Per-Inge Tallberg Szwecja 1
13%
Raimo Ylipulli Finlandia 1
13%
Ralf Gebstedt Niemcy 3
13%
Risto Lakkonen Finlandia 8
13%
Steinar Braten Norwegia 4
13%
Thomas Klauser Niemcy 5
13%
Tom Christiansen Norwegia 1
13%
Vesa Hakala Finlandia 1
13%
Werner Haim Austria 6
13%
Werner Rathmayr Austria 12
13%
Werner Schuster Austria 1
13%
Andi Rauschmeier Austria 1
8%
Bernard Moullier Francja 1
8%
Bjorn Myrbakken Norwegia 2
8%
Christian Moser Austria 1
8%
Clas Brede Brathen Norwegia 1
8%
Eirik Halvorsen Norwegia 1
8%
Franz Neulandter Austria 6
8%
Gerard Balanche Szwajcaria 1
8%
Gerd Siegmund Niemcy 1
8%
Hansjorg Jakle Niemcy 1
8%
Henry Glass NRD 2
8%
Janne Vaatainen Finlandia 1
8%
Jan Tanczos Czechosłowacja 1
8%
Jiri Malec Czechosłowacja 1
8%
Jon Inge Kjorum Norwegia 3
8%
Josef Samek Czechosłowacja 1
8%
Kenji Suda Japonia 1
8%
Ladislav Dluhos Czechosłowacja 6
8%
Martin Weber NRD 1
8%
Matthias Buse NRD 1
8%
Piotr Sunin ZSRR 1
8%
Rajko Lotric Jugosławia 1
8%
Richard Schallert Austria 4
8%
Robert Mosching Szwajcaria 1
8%
Tom Levorstad Norwegia 1
8%
Vladimir Podzimek Czechosłowacja 2
8%
Walerij Karietnikow ZSRR 1
8%
Dag Holmen Jensen Norwegia 1
4%
Franz Wiegele Austria 1
4%
Halvor Asphol Norwegia 1
4%
Halvor Persson Norwegia 1
4%
Hiroo Shima Japonia 1
4%
Ingo Lesser NRD 1
4%
Ingo Zuchner NRD 1
4%
Jon Eilert Bogseth Norwegia 1
4%
Josef Heumann Niemcy 3
4%
Jukka Kalso Finlandia 2
4%
Ole Christian Eidhammer Norwegia 2
4%
Pawieł Kustow ZSRR 1
4%
Peter Leitner Niemcy 1
4%
Ronny Hornschuch Niemcy 1
4%
Stefan Stannarius NRD 1
4%
Steve Delaup Francja 1
4%
Sturle Holseter Norwegia 1
4%
Yuyi Aschimoto Japonia 1
4%
Adolf Hirner Austria 1
0%
Axel Zitzmann NRD 1
0%
Gunther Stranner Austria 1
0%
Oliver Strohmaier Austria 1
0%
Remo Lederer NRD 1
0%
Thomas Prosser Niemcy 1
0%
Nie znaleziono quizów pasujących do podanych kryteriów
Rozkład punktacji
Procent ludzi z każdym wynikiem
Percentyl według liczby udzielonych odpowiedzi
Twoja historia wyników
Nie rozwiązałeś tego quizu od ostatniego zresetowania